|
|
|
|
| LEADER |
00000nam a22000005a 4500 |
| 001 |
2771 |
| 003 |
CL-ChBUA |
| 005 |
20120815102810.0 |
| 008 |
070301s1943 ag 000 0 spa |
| 040 |
|
|
|a CL-ChBUA
|c CL-ChBUA
|
| 082 |
0 |
0 |
|a 296
|
| 090 |
|
|
|c 2771
|d 2771
|
| 100 |
1 |
|
|a Josefo, Flavio.
|
| 245 |
1 |
0 |
|a Historia de las guerras de los judios
|
| 260 |
|
|
|b Albatros.
|c c1943.
|
| 300 |
|
|
|c 18 cm.
|
| 504 |
|
|
|a Indice.
|
| 650 |
|
4 |
|a JUDAISMO.
|
| 650 |
|
4 |
|a JUDIOS - HISTORIA.
|
| 942 |
|
|
|c LIB
|
| 952 |
|
|
|0 0
|1 0
|2 ddc
|4 0
|6 296_J_83H__T_100000000000000_P
|7 0
|9 4123
|a UNACH
|b UNACH
|c 200
|d 2007-03-05
|i 3.582.
|l 1
|m 1
|o 296 / J 83h. T.1 (PASIVA)
|p 5122
|r 2018-06-06 00:00:00
|s 2015-04-08
|w 2012-08-08
|y LIB
|
| 952 |
|
|
|0 0
|1 0
|2 ddc
|4 0
|6 296_J_83H__T_200000000000000_P
|7 0
|9 4124
|a UNACH
|b UNACH
|c 200
|d 2007-03-05
|i 3.581.
|l 0
|o 296 / J 83h. T.2 (PASIVA)
|p 5123
|r 2018-06-06 00:00:00
|w 2012-08-08
|y LIB
|
| 999 |
|
|
|c 2771
|d 2771
|